000 00512nam a22001697a 4500
008 171026b xxu||||| |||| 00| p tur d
020 _a9759056062
041 _atur
050 _aPL219.C395
100 _aCengiz, Metin
_950
245 _aŞiir İmge Biçim Biçem Şiirin Teorik Sorunları
260 _aİstanbul
_bDiagraf Yayıncılık
300 _a176 Sayfa
500 _a2 adet mevcuttur. Diagraf Yayıncılık :09 Deneme Eleştirme İnceleme : 05
650 0 _9145
_aTürk Edebiyatı
942 _2lcc
_cBK
999 _c1534
_d1510